Word Ladder: Little Sports Quiz Stats

 Plays Quiz Updated Mar 11, 2021

Support Sporcle.
Go Orange.
Score 0/48 Timer 05:00
2 Plays Today
% Correct
HOME
93.1%
CLAP
93%
DIME
92.6%
LIME
92.4%
LONG
92%
DOME
91.5%
WINE
89.7%
CRAP
89.6%
DINE
89.4%
IRAN
88.4%
POLE
87.2%
LINE
87.2%
LONE
87.2%
DONE
86.4%
CARD
86%
CROP
84.4%
CAGE
84.3%
IRON
83.6%
PALE
83.6%
PAGE
83.5%
TALL
83.5%
PELÉ
82.5%
DICE
82.3%
CLAY
82.1%
% Correct
CARE
82%
TALE
81.5%
HALL
80.7%
DOLE
79.5%
FRAN
78.2%
RICE
77.5%
LISP
76.4%
LIMP
76.4%
LIST
75.8%
DROP
74.4%
FRAG
68.1%
LUMP
66.9%
HITS
65.7%
TAME
60.9%
BITS
59.6%
FLAG
58.6%
HALF
55%
BUMP
52.9%
WIDE
51.9%
TIME
51%
BOTS
50.7%
BOWS
41.1%
BOWL
38.2%
LIFT
31.7%

Today's Daily Dose

Missing Word
90s UK #1s

Word Ladder
Full Score

Quick Pick
Prime Books

Get the Picture
Big 4 'P' All-Stars

Remove Ads.
Support Sporcle.
Get the best of Sporcle when you Go Orange. This ad-free experience offers more features, more stats, and more fun while also helping to support Sporcle. Thank you for becoming a member.

Show Comments

Extras

Top Quizzes Today


Score Distribution

Your Account Isn't Verified!

In order to create a playlist on Sporcle, you need to verify the email address you used during registration. Go to your Sporcle Settings to finish the process.

Report this User

Report this user for behavior that violates our Community Guidelines.

Details: